00494cam a22001452 4500001001100000005001700011008004100028040001500069050002300084110005800107245005000165260005700215300001600272651006000288000000146520151217155809.0070312s xx 000 0 eng d aKABUcKABU 0aHC865b.Z7H66 20022 aKenya.bMinistry of Finance and Planning.@000015023410aHoma Bay district development plan 2002-2008. aNairobi :bMinistry of Finance and Planning,c[2002] aviii, 82 p. 0aHoma Bay district (Kenya)xEconomic policy.@0000150247